Home Print Resources E-Books E-Journals IIMT Lecture Series Library Membership Form Book Recommendation Form Campus Tour Take AdmissionAbout Us Contact Us

Career aspects and management in physical education (Record no. 56797)

000 -LEADER
fixed length control field 00361nam a22001457a 4500
003 - CONTROL NUMBER IDENTIFIER
control field OSt
005 - DATE AND TIME OF LATEST TRANSACTION
control field 20230630055625.0
008 - FIXED-LENGTH DATA ELEMENTS--GENERAL INFORMATION
fixed length control field 230630b |||||||| |||| 00| 0 eng d
040 ## - CATALOGING SOURCE
Transcribing agency sero soft
100 ## - MAIN ENTRY--PERSONAL NAME
Personal name Budhe,Amit Aryan
245 ## - TITLE STATEMENT
Title Career aspects and management in physical education
260 ## - PUBLICATION, DISTRIBUTION, ETC.
Place of publication, distribution, etc. New Delhi
Name of publisher, distributor, etc. Sport pub
300 ## - PHYSICAL DESCRIPTION
Extent 132
942 ## - ADDED ENTRY ELEMENTS (KOHA)
Source of classification or shelving scheme
Koha item type Text-Book- for 7 days

No items available.

IIMT, Central Library. All Rights Reserved IIMT,UNIVERSITY © 2023
Implemented and Customised by I CLOUDE EMS
You Are OPAC Visitor No
free web counter

Powered by Koha